ՀՀ Գիտությունների ազգային ակադեմիայի հիմնարար գիտական գրադարան  =   Fundamental Scientific Library of NAS RA

Սահմանադրական կառավարութիինները / (Record no. 13066)

MARC details
000 -LEADER
fixed length control field 00686-am-a2200217-a-4500
001 - CONTROL NUMBER
control field 000029165
003 - CONTROL NUMBER IDENTIFIER
control field AM-YEHGA
005 - DATE AND TIME OF LATEST TRANSACTION
control field 20250617121239.0
008 - FIXED-LENGTH DATA ELEMENTS--GENERAL INFORMATION
fixed length control field 001227s1910 mau||||| |||| 00| 0 arm d
040 ## - CATALOGING SOURCE
Original cataloging agency AM-YeHGA
041 0# - LANGUAGE CODE
Language code of text/sound track or separate title arm
090 ## - LOCALLY ASSIGNED LC-TYPE CALL NUMBER (OCLC); LOCAL CALL NUMBER (RLIN)
-- 13170
100 1# - MAIN ENTRY--PERSONAL NAME
Personal name Չագմաճեան, Յ.Յ.
245 10 - TITLE STATEMENT
Title Սահմանադրական կառավարութիինները /
Statement of responsibility, etc. Յ.Յ. Չագմաճեան.
260 ## - PUBLICATION, DISTRIBUTION, ETC.
Place of publication, distribution, etc. Պօսթըն :
Name of publisher, distributor, etc. «Հայրենիք» տպարան,
Date of publication, distribution, etc. 1910-.
300 ## - PHYSICAL DESCRIPTION
Extent մաս
440 #0 - SERIES STATEMENT/ADDED ENTRY--TITLE
Title Հրատարակութիւն «Հայրենիք»-ի
Volume/sequential designation Թիւ 5
505 10 - FORMATTED CONTENTS NOTE
Miscellaneous information Մ. 1 (1910; 209 էջ)
650 14 - SUBJECT ADDED ENTRY--TOPICAL TERM
Topical term or geographic name entry element Պետական իրավունք
942 ## - ADDED ENTRY ELEMENTS (KOHA)
Source of classification or shelving scheme Universal Decimal Classification
Koha item type Գրքեր / Books
Holdings
Withdrawn status Lost status Source of classification or shelving scheme Damaged status Not for loan Collection Home library Current library Date acquired Serial enumeration / chronology Total checkouts Full call number Barcode Date last seen Price effective from Koha item type Public note
    Universal Decimal Classification     Pogharian Individual Collection Fundamental Scientific Library Fundamental Scientific Library 21/12/2016 Մ. 1   Պող/975 FL0328587 21/12/2016 21/12/2016 Գրքեր / Books ILL Non-Circ.


ՀՀ ԳԱԱ հիմնարար գիտական գրադարան
ՀՀ,Երևան 0019
Մարշալ Բաղրամյան 24/6
հեռախոս:(374-10) 52-47-50
Հետադարձ կապ

All site content, except where otherwise noted, is licensed under a
Creative Commons License